Traugott Hahn, ein Märtyrer des 20. Jahrhunderts
| Titel: | Traugott Hahn, ein Märtyrer des 20. Jahrhunderts / Anny Hahn. ; Mit e. Geleitw. von Wilhelm Hahn |
|---|---|
| Verfasser: | |
| Veröffentlicht: | Moers : Brendow, 1988 |
| Umfang: | 143 Seiten : 1 Illustration |
| Format: | Buch |
| Sprache: | Deutsch |
| Schriftenreihe/ mehrbändiges Werk: |
Reihe Apostroph |
| RVK-Notation: | |
| ISBN: | 3870673362 |
| Hinweise zum Inhalt: |
Inhaltsverzeichnis
|
alg: 798295 001A $06000:11-07-88 001B $01999:11-06-25 $t17:15:51.000 001D $00000:00-00-00 001U $0utf8 001X $00 002@ $0Aaxc 002C $aText $btxt $2rdacontent 002D $aohne Hilfsmittel zu benutzen $bn $2rdamedia 002E $aBand $bnc $2rdacarrier 003@ $000798295X 003O $074974527 $aOCoLC 004A $03-87067-336-2 006G $0880582391 006U $088,A51,0237 007A $0880582391 $aDNB 007G $0DE020108562EBACBE5070C125832E004BCEFB 009P $qapplication/pdf $A2 $3Inhaltsverzeichnis $uhttp://scans.hebis.de/HEBCGI/show.pl?00798295_toc.pdf $mV:DE-603;B:DE-Mb50 010@ $ager 011@ $a1988 $n1988 013D $RBiograf $RLebenslauf $RBiografik $#Biographies $#Biography $#Biographies -- Histoire et critique $#Biographie $#Biographisches Nachschlagewerk $#Lebensbeschreibung $#Berühmte Persönlichkeit Biografie $#Biografisches Nachschlagewerk $74006804-3 $8Biografie [Ts1] $9085010375 021A $aTraugott Hahn, ein Märtyrer des 20. Jahrhunderts $hAnny Hahn. ; Mit e. Geleitw. von Wilhelm Hahn 028A $BVerfasser $#Zur Mühlen, Anny von $4aut $7118544802 $8Hahn, Anny$Z1878-1974 [Tp1] $9086885839 033A $pMoers $nBrendow 034D $a143 Seiten 034M $a1 Illustration 036G $aReihe Apostroph 044K $qDNB $#Hahn, T. $#Hahn, Elieser T. $7118700650 $8Hahn, Traugott$Z1848-1939 [Tp1] $9087041464 045E $a12 045F $a200.94309034 $eDDC23BSB 045F/01 $a200.9 045F/03 $f09034 045F/03 $f0904 045F/03 $g43 045Z $8BO 6550 [Tkv] $9407476415 lok: 798295 24 exp: 798295 24 1 #EPN 201B/01 $016-10-18 $t15:07:56.000 201C/01 $016-10-18 201U/01 $0utf8 203@/01 $01030915334 208@/01 $a16-10-18 $bz 209A/01 $a18.07195 $du $f050 $h18 07195 $x00 209C/01 $a18.07195 G $h18 07195 G 209G/01 $a74099386 $x00 220C/01 $ahae 247C/01 $8358050-7Marburg, Bibliothek des Herder-Instituts Marburg $9102600961
| LEADER | 00000cam a22000002c 4500 | ||
|---|---|---|---|
| 001 | 00798295X | ||
| 003 | DE-603 | ||
| 005 | 20250611171551.0 | ||
| 007 | tu | ||
| 008 | 880711s1988 xx |||| | u00||u|ger | ||
| 015 | |a 88,A51,0237 |2 dnb | ||
| 016 | 7 | |2 DE-101 |a 880582391 | |
| 020 | |a 3870673362 | ||
| 035 | |a (DE-599)DNB880582391 | ||
| 035 | |a (OCoLC)74974527 | ||
| 040 | |a DE-603 |b ger |c DE-603 |d DE-603 | ||
| 041 | |a ger | ||
| 082 | 0 | 4 | |8 1\u |a 200.94309034 |q DE-101 |2 23/BSB |
| 084 | |a 12 |q DE-101 |2 sdnb | ||
| 084 | |a BO 6550 |0 (DE-625)14756: |0 (DE-603)407476415 |2 rvk | ||
| 085 | |8 1\u |b 200.9 | ||
| 085 | |8 1\u |z 1 |s 09034 | ||
| 085 | |8 1\u |z 1 |s 0904 | ||
| 085 | |8 1\u |z 2 |s 43 | ||
| 100 | 1 | |a Hahn, Anny |d 1878-1974 |e Verfasser |4 aut |0 (DE-603)086885839 |0 (DE-588)118544802 |2 gnd | |
| 245 | 0 | 0 | |a Traugott Hahn, ein Märtyrer des 20. Jahrhunderts |c Anny Hahn. ; Mit e. Geleitw. von Wilhelm Hahn |
| 264 | 1 | |a Moers |b Brendow |c 1988 | |
| 300 | |a 143 Seiten |b 1 Illustration | ||
| 336 | |a Text |b txt |2 rdacontent | ||
| 337 | |a ohne Hilfsmittel zu benutzen |b n |2 rdamedia | ||
| 338 | |a Band |b nc |2 rdacarrier | ||
| 490 | 0 | |a Reihe Apostroph | |
| 600 | 1 | 7 | |a Hahn, Traugott |d 1848-1939 |0 (DE-588)118700650 |0 (DE-603)087041464 |2 gnd |
| 655 | 7 | |a Biografie |2 gnd-content |0 (DE-588)4006804-3 |0 (DE-603)085010375 | |
| 856 | 4 | 2 | |m V:DE-603;B:DE-Mb50 |q application/pdf |u http://scans.hebis.de/HEBCGI/show.pl?00798295_toc.pdf |3 Inhaltsverzeichnis |
| 924 | 0 | |9 Mb 50 |a (DE-603)1030915334 |b DE-Mb50 |c HES |d c |g 18.07195 | |


